| 000 | 00532nam a2200217 454500 | ||
|---|---|---|---|
| 001 | 055409 | ||
| 003 | BD-ChCU | ||
| 008 | Eng | ||
| 020 | _a0803971575 | ||
| 040 |
_aDLC _cDLC _dBD-ChCU |
||
| 082 | 0 | 0 | _a306.461096/A296h |
| 100 | 1 |
_aAirhihenbuwa, Collins O _bx |
|
| 245 | 1 | 0 |
_aHealth and culture : _bbeyond the western paradigm |
| 250 | _ax | ||
| 260 |
_aLondon _bSage pub _c1995 |
||
| 300 | _axvi, 151 | ||
| 504 | _aIncludes | ||
| 650 | 0 |
_aHealth promotion-Africa _bSocial medicine |
|
| 700 | 1 | _ax | |
| 942 |
_2ddc _cBK |
||
| 999 |
_c55409 _d55409 |
||